[Event "Backi Petrovac 11"]
[Site "Backi Petrovac"]
[Date "2023.11.10"]
[Round "1.2"]
[White "Kolagatla, Alana Meenakshi"]
[Black "Veljkovic, Vojislav"]
[Result "1-0"]
[WhiteElo "2021"]
[BlackElo "2163"]
[PlyCount "113"]
[EventDate "2023.11.10"]
[EventType "swiss"]
[EventRounds "9"]
[EventCountry "SRB"]
[SourceTitle "CB47_2023"]
[SourceDate "2023.11.22"]
[SourceVersion "1"]
[SourceVersionDate "2023.11.22"]
[SourceQuality "1"]
[WhiteTeam "Team C"]
[BlackTeam "Team D"]
[WhiteTeamCountry "SRB"]
[BlackTeamCountry "SRB"]

1. e4 e6 2. d4 d5 3. Nc3 dxe4 4. Nxe4 Nf6 5. Nxf6+ Qxf6 6. Nf3 Nd7 7. Be3 c5 8. c3 cxd4 9. Bxd4 e5 10. Be3 Bc5 11. Bxc5 Nxc5 12. Qd5 Nd7 13. Bb5 Qe7 14. 0-0-0 f6 15. Nd4 g6 16. f4 a6 17. Bxd7+ Bxd7 18. fxe5 fxe5 19. Rhe1 0-0-0 20. Qxe5 Qxe5 21. Rxe5 Rde8 22. Rde1 Rxe5 23. Rxe5 Rf8 24. Kd2 Rf2+ 25. Re2 Rf4 26. g3 Rf7 27. c4 Kc7 28. b4 b6 29. Kd3 Rf1 30. Re7 h5 31. Rg7 Rf2 32. h4 Rxa2 33. Rxg6 a5 34. bxa5 Rxa5 35. Rg5 Ra3+ 36. Ke4 Rc3 37. Kd5 Rd3 38. Rg7 Rd1 39. c5 bxc5 40. Kxc5 Rc1+ 41. Kd5 Rd1 42. Rh7 Rd3 43. Rg7 Rd1 44. Ke5 Re1+ 45. Kf4 Kd6 46. Nf5+ Kc7 47. Rg5 Rf1+ 48. Ke5 Rf3 49. Ng7 Bg4 50. Nxh5 Bxh5 51. Rxh5 Rxg3 52. Rg5 Rh3 53. h5 Kd7 54. Kf6 Ke8 55. Kg7 Rb3 56. h6 Rb7+ 57. Kg8 1-0

[Event "SRB-chT 2nd League"]
[Site "Novi Sad"]
[Date "2023.11.06"]
[Round "6.6"]
[White "Joksimovic, Dragoljub"]
[Black "Veljkovic, Vojislav"]
[Result "0-1"]
[WhiteElo "2123"]
[BlackElo "2163"]
[PlyCount "77"]
[EventDate "2023.11.02"]
[EventType "team-tourn"]
[EventRounds "11"]
[EventCountry "SRB"]
[SourceTitle "CB46_2023"]
[SourceDate "2023.11.15"]
[SourceVersion "1"]
[SourceVersionDate "2023.11.15"]
[SourceQuality "1"]
[WhiteTeam "Krajisnik Krajina"]
[BlackTeam "Novi Sad Vojvodina"]
[WhiteTeamCountry "SRB"]
[BlackTeamCountry "SRB"]

1. Nf3 e6 2. g3 d5 3. d4 Be7 4. Bg2 Nf6 5. 0-0 Nbd7 6. c4 0-0 7. Nc3 Re8 8. Qc2 c6 9. Rd1 dxc4 10. a4 Qa5 11. e4 e5 12. d5 Bb4 13. Na2 cxd5 14. Nxb4 Qxb4 15. exd5 Nc5 16. Bg5 Nfe4 17. Rac1 Nd3 18. Rxd3 cxd3 19. Qxd3 Nd6 20. Qc3 Qxc3 21. bxc3 Bd7 22. c4 Bxa4 23. c5 Ne4 24. Be3 Bb3 25. d6 Bd5 26. Ng5 Nf6 27. Bf1 h6 28. Nh3 a5 29. Ra1 Rec8 30. f4 Ng4 31. Bd2 Rxc5 32. d7 b6 33. fxe5 Nxe5 34. Be3 Nxd7 35. Bxc5 Nxc5 36. Nf4 Bb3 37. Bg2 Rd8 38. Ne2 Rd1+ 39. Bf1 0-1

[Event "Vojvodina-chT"]
[Site "Kovacica"]
[Date "2019.11.02"]
[Round "2.6"]
[White "Veljkovic, Vojislav"]
[Black "Mik, Aurel"]
[Result "1/2-1/2"]
[WhiteElo "2142"]
[BlackElo "2039"]
[PlyCount "81"]
[EventDate "2019.11.01"]
[EventType "team-tourn"]
[EventRounds "11"]
[EventCountry "SRB"]
[SourceTitle "CBM 192 Extra"]
[Source "Chessbase"]
[SourceDate "2019.11.06"]
[SourceVersion "1"]
[SourceVersionDate "2019.11.06"]
[SourceQuality "1"]
[WhiteTeam "Novi Sad Vojvodina"]
[BlackTeam "Banatsko Novo Selo"]
[WhiteTeamCountry "SRB"]
[BlackTeamCountry "SRB"]

1. Nf3 Nf6 2. c4 c5 3. Nc3 Nc6 4. d4 cxd4 5. Nxd4 g6 6. Nb3 Bg7 7. Bg5 d6 8. Qd2 Be6 9. e4 Ne5 10. Bxf6 Bxf6 11. Nd5 Bg7 12. Rc1 Rc8 13. f4 Nc6 14. Be2 0-0 15. Rc2 f5 16. Bf3 fxe4 17. Bxe4 Bf5 18. Bxf5 Rxf5 19. 0-0 e5 20. g4 Rf7 21. f5 Qh4 22. Qd3 Rcf8 23. Rg2 gxf5 24. gxf5 e4 25. Qe2 Rxf5 26. Rxf5 Rxf5 27. Rg4 Rg5 28. Rxg5 Qxg5+ 29. Kh1 Qe5 30. Qg4 h5 31. Qe2 h4 32. Ne3 Nd4 33. Qd2 Nf3 34. Qd5+ Qxd5 35. cxd5 Bxb2 36. Kg2 Kf7 37. Na5 b6 38. Nc6 a5 39. Nc4 Be5 40. N6xe5+ dxe5 41. Nxb6 1/2-1/2

[Event "Vojvodina-chT 2nd League"]
[Site "Novi Sad"]
[Date "2018.11.11"]
[Round "4.4"]
[White "Veljkovic, Vojislav"]
[Black "Skoko, Milan"]
[Result "1-0"]
[WhiteElo "2159"]
[BlackElo "2164"]
[PlyCount "77"]
[EventDate "2018.11.09"]
[EventType "team-tourn"]
[EventRounds "11"]
[EventCountry "SRB"]
[SourceTitle "CBM 187 Extra"]
[Source "ChessBase"]
[SourceDate "2018.11.04"]
[SourceVersion "1"]
[SourceVersionDate "2018.11.04"]
[SourceQuality "1"]
[WhiteTeam "Novi Sad Vojvodina"]
[BlackTeam "Stara Pazova"]
[WhiteTeamCountry "SRB"]
[BlackTeamCountry "SRB"]

1. d4 f5 2. Nf3 Nf6 3. c4 d6 4. Bg5 e6 5. Nc3 Be7 6. Qc2 d5 7. e3 c6 8. Bd3 Ne4 9. Bxe7 Qxe7 10. cxd5 exd5 11. Nxd5 Qd8 12. Bxe4 0-0 13. Nc3 fxe4 14. Nxe4 Qe7 15. 0-0 Bf5 16. Qc4+ Be6 17. Qc5 Qe8 18. Ne5 Na6 19. Qc3 Bd5 20. Ng3 h5 21. e4 Be6 22. Ne2 h4 23. f4 Rd8 24. Rad1 Qh5 25. Qf3 Qh6 26. f5 Bxa2 27. b3 Nb4 28. Qc3 a5 29. Ng6 Rfe8 30. Qc4+ Kh7 31. Rf4 b5 32. Qf7 a4 33. Rxh4 Bxb3 34. Rxh6+ Kxh6 35. d5 Rxe4 36. Ne7 Rd6 37. Ng3 Rh4 38. Rd4 g5 39. Ng8# 1-0

[Event "Vojvodina-chT 2nd League"]
[Site "Novi Sad"]
[Date "2018.11.10"]
[Round "2.6"]
[White "Veljkovic, Vojislav"]
[Black "Zobenica, Ivan"]
[Result "1/2-1/2"]
[WhiteElo "2159"]
[BlackElo "2086"]
[PlyCount "109"]
[EventDate "2018.11.09"]
[EventType "team-tourn"]
[EventRounds "11"]
[EventCountry "SRB"]
[SourceTitle "CBM 187 Extra"]
[Source "ChessBase"]
[SourceDate "2018.11.04"]
[SourceVersion "1"]
[SourceVersionDate "2018.11.04"]
[SourceQuality "1"]
[WhiteTeam "Novi Sad Vojvodina"]
[BlackTeam "Nova Pazova Mladost"]
[WhiteTeamCountry "SRB"]
[BlackTeamCountry "SRB"]

1. d4 d6 2. Nf3 Nf6 3. c4 c6 4. Qc2 Nbd7 5. Nc3 e5 6. Bg5 Qc7 7. h3 Be7 8. e3 0-0 9. Bd3 Re8 10. 0-0 Nf8 11. Bh4 e4 12. Bxe4 Nxe4 13. Qxe4 f5 14. Qc2 Bxh4 15. Nxh4 Qf7 16. Qe2 g5 17. Nf3 g4 18. Nh2 h5 19. f4 Be6 20. b3 Qg7 21. Rac1 Ng6 22. Qf2 Bd7 23. h4 Qe7 24. g3 Qxe3 25. Rfe1 Qd3 26. Red1 Qe3 27. Nf1 Qe7 28. Re1 Qf6 29. Rcd1 Nf8 30. Ne3 Re7 31. Nc2 Rae8 32. Rxe7 Rxe7 33. Re1 Rxe1+ 34. Qxe1 Ne6 35. Qe3 Nc7 36. Kf2 Kf7 37. Qd3 a6 38. Na4 b5 39. Nb6 Qe7 40. Ne3 Kg6 41. a4 bxa4 42. bxa4 Ne8 43. c5 dxc5 44. Nec4 Be6 45. Ne5+ Kh7 46. a5 Nf6 47. Nxc6 Qd6 48. d5 Nxd5 49. Ne5 c4 50. Nbxc4 Qc5+ 51. Ne3 Nxe3 52. Qxe3 Qxa5 53. Qa7+ Kh6 54. Qe7 Qd2+ 55. Kf1 1/2-1/2

[Event "Vojvodina-chT"]
[Site "Kac"]
[Date "2016.11.18"]
[Round "5.3"]
[White "Remecki, Sinisa"]
[Black "Veljkovic, Vojislav"]
[Result "1/2-1/2"]
[WhiteElo "2188"]
[BlackElo "2180"]
[PlyCount "20"]
[EventDate "2016.11.15"]
[EventType "team-tourn"]
[EventRounds "11"]
[EventCountry "SRB"]
[SourceTitle "CBM 175 Extra"]
[Source "ChessBase"]
[SourceDate "2016.12.12"]
[SourceVersion "1"]
[SourceVersionDate "2016.12.12"]
[SourceQuality "1"]
[WhiteTeam "Kraljica PTT"]
[BlackTeam "Vojvodina"]
[WhiteTeamCountry "SRB"]
[BlackTeamCountry "SRB"]

1. Nf3 Nf6 2. c4 g6 3. Nc3 Bg7 4. g3 0-0 5. Bg2 c6 6. 0-0 d6 7. d4 Nbd7 8. e3 Qc7 9. Qc2 Re8 10. b3 Nf8 1/2-1/2

[Event "Vojvodina-chT"]
[Site "Kac"]
[Date "2016.11.17"]
[Round "3.1"]
[White "Drazic, Sinisa"]
[Black "Veljkovic, Vojislav"]
[Result "1-0"]
[WhiteElo "2415"]
[BlackElo "2180"]
[PlyCount "81"]
[EventDate "2016.11.15"]
[EventType "team-tourn"]
[EventRounds "11"]
[EventCountry "SRB"]
[SourceTitle "CBM 175 Extra"]
[Source "ChessBase"]
[SourceDate "2016.12.12"]
[SourceVersion "1"]
[SourceVersionDate "2016.12.12"]
[SourceQuality "1"]
[WhiteTeam "Omladinac"]
[BlackTeam "Vojvodina"]
[WhiteTeamCountry "SRB"]
[BlackTeamCountry "SRB"]

1. d4 e6 2. e4 d5 3. Nc3 dxe4 4. Nxe4 Be7 5. Nf3 Nf6 6. Nxf6+ Bxf6 7. c3 Nd7 8. Be3 0-0 9. Be2 b6 10. d5 Re8 11. dxe6 Rxe6 12. Nd4 Rd6 13. Qc2 Bb7 14. 0-0 Be5 15. Nf5 Rg6 16. Ng3 Qh4 17. Qf5 Qe7 18. Rad1 Nf6 19. Rfe1 Re8 20. Bf4 Bxf4 21. Qxf4 Qc5 22. Bd3 Rxe1+ 23. Rxe1 Qd5 24. Bf1 h5 25. Qxc7 h4 26. Re5 Qxa2 27. Qxb7 hxg3 28. hxg3 Qxb2 29. Qb8+ Kh7 30. Qxa7 Qxc3 31. Re3 Qb2 32. Qxf7 Ng4 33. Re8 Qd4 34. Qg8+ Kh6 35. Qh8+ Kg5 36. Qh4+ Kf5 37. Rf8+ Rf6 38. Qh5+ g5 39. Bd3+ Ke6 40. Re8+ Kd5 41. Qxg5+ 1-0

[Event "Vojvodina-chT"]
[Site "Kac"]
[Date "2016.11.17"]
[Round "4.2"]
[White "Varga, Zoltan"]
[Black "Veljkovic, Vojislav"]
[Result "1-0"]
[WhiteElo "2418"]
[BlackElo "2180"]
[PlyCount "69"]
[EventDate "2016.11.15"]
[EventType "team-tourn"]
[EventRounds "11"]
[EventCountry "SRB"]
[SourceTitle "CBM 175 Extra"]
[Source "ChessBase"]
[SourceDate "2016.12.12"]
[SourceVersion "1"]
[SourceVersionDate "2016.12.12"]
[SourceQuality "1"]
[WhiteTeam "Backa Pacir"]
[BlackTeam "Vojvodina"]
[WhiteTeamCountry "SRB"]
[BlackTeamCountry "SRB"]

1. e4 e6 2. d4 d5 3. Nc3 dxe4 4. Nxe4 Be7 5. Nf3 Nf6 6. Nxf6+ Bxf6 7. c3 b6 8. Bb5+ Bd7 9. Bd3 Bc6 10. 0-0 Nd7 11. Re1 0-0 12. Bf4 Re8 13. a4 Bb7 14. Qe2 a6 15. Rad1 Qc8 16. Ng5 g6 17. Qg4 Nf8 18. Ne4 Bg7 19. Qg3 f5 20. Nd2 c5 21. Nc4 Qc6 22. dxc5 bxc5 23. Nd6 Re7 24. Be2 Qxa4 25. Nxb7 Rxb7 26. Bf3 Qb3 27. Bxb7 Qxb7 28. Be5 Bxe5 29. Qxe5 c4 30. Rd2 Qb6 31. Qf6 Qc7 32. Rd4 Rb8 33. Re2 Rc8 34. h4 h6 35. Rxe6 1-0

[Event "Vojvodina-chT"]
[Site "Kac"]
[Date "2014.11.11"]
[Round "5.2"]
[White "Veljkovic, Vojislav"]
[Black "Indjic, Aleksandar"]
[Result "0-1"]
[WhiteElo "2224"]
[BlackElo "2538"]
[PlyCount "84"]
[EventDate "2014.11.08"]
[EventType "team-tourn"]
[EventRounds "11"]
[EventCountry "SRB"]
[SourceTitle "EXT 2017"]
[Source "ChessBase"]
[SourceDate "2016.10.25"]
[SourceVersion "1"]
[SourceVersionDate "2016.10.25"]
[SourceQuality "1"]

1. Nf3 g6 2. g3 Bg7 3. Bg2 e5 4. d3 d5 5. 0-0 Ne7 6. e4 d4 7. Nh4 Nec6 8. Qe1 Be6 9. f4 f6 10. Qe2 Nd7 11. c4 a5 12. b3 Nc5 13. Ba3 Nb4 14. Bxb4 axb4 15. Nd2 0-0 16. Nhf3 Ra3 17. Nb1 Ra6 18. Qc2 exf4 19. gxf4 Bh6 20. Ne1 Qd6 21. Nd2 Bxf4 22. Ndf3 Rfa8 23. a4 b5 24. cxb5 Bxb3 25. bxa6 Bxc2 26. Nxc2 b3 27. Ncxd4 Be3+ 28. Kh1 Bxd4 29. e5 fxe5 30. Nxd4 Rxa6 31. Nb5 Qd7 32. Nc3 b2 33. Bd5+ Kg7 34. Rab1 Nxa4 35. Rf7+ Qxf7 36. Bxf7 Nxc3 37. Rxb2 Kxf7 38. Rb7 Nd5 39. Kg2 Ke6 40. Rb3 Nf4+ 41. Kf3 Rd6 42. Kg4 Kf6 0-1

[Event "Vojvodina-chT"]
[Site "Kac"]
[Date "2014.11.10"]
[Round "4.5"]
[White "Czebe, Attila"]
[Black "Veljkovic, Vojislav"]
[Result "1-0"]
[WhiteElo "2437"]
[BlackElo "2224"]
[PlyCount "97"]
[EventDate "2014.11.08"]
[EventType "team-tourn"]
[EventRounds "11"]
[EventCountry "SRB"]
[SourceTitle "EXT 2017"]
[Source "ChessBase"]
[SourceDate "2016.10.25"]
[SourceVersion "1"]
[SourceVersionDate "2016.10.25"]
[SourceQuality "1"]

1. c4 e5 2. Nc3 f5 3. d4 exd4 4. Qxd4 Nf6 5. Nd5 Be7 6. Nxe7 Qxe7 7. Qe3 Nc6 8. Qxe7+ Kxe7 9. f3 d5 10. cxd5 Nxd5 11. Nh3 h6 12. Nf4 Rd8 13. Kf2 Be6 14. Nxe6 Kxe6 15. Bd2 Ne5 16. Rc1 Rac8 17. g3 c5 18. Bh3 b5 19. Ba5 Nb6 20. Rcd1 Rxd1 21. Rxd1 b4 22. e4 g6 23. f4 Nc6 24. Bxb6 axb6 25. g4 Nd4 26. gxf5+ Kd6 27. e5+ Kd5 28. Bg2+ Kc4 29. fxg6 Rf8 30. Ke3 b3 31. axb3+ Kxb3 32. Rxd4 cxd4+ 33. Kxd4 Kxb2 34. e6 Rd8+ 35. Ke5 b5 36. f5 b4 37. e7 Rb8 38. f6 b3 39. Bd5 Kc3 40. Bxb3 Kxb3 41. g7 Kc2 42. f7 Rb5+ 43. Ke4 Rb4+ 44. Ke3 h5 45. f8Q h4 46. Qf5+ Kb2 47. Qe5+ Kc2 48. Qe4+ Rxe4+ 49. Kxe4 1-0

[Event "Belgrade Jezero op 09th"]
[Site "Belgrade"]
[Date "2003.08.15"]
[Round "2"]
[White "Paulic, Branko"]
[Black "Veljkovic, Vojislav"]
[Result "1-0"]
[WhiteElo "2228"]
[BlackElo "2118"]
[PlyCount "105"]
[EventDate "2003.08.14"]
[EventType "swiss"]
[EventRounds "9"]
[EventCountry "YUG"]
[SourceTitle "EXT 2004"]
[Source "ChessBase"]
[SourceDate "2003.11.25"]
[SourceVersion "1"]
[SourceVersionDate "2003.11.25"]
[SourceQuality "1"]

1. e4 e6 2. d4 d5 3. e5 c5 4. c3 Nc6 5. Nf3 Qa5 6. dxc5 Qxc5 7. Be3 Qa5 8. Bd4 Nxd4 9. Nxd4 Bd7 10. Bd3 Ne7 11. 0-0 Nc6 12. Nf3 g6 13. Qe2 Bg7 14. Nbd2 0-0 15. Nb3 Qc7 16. Rae1 Kh8 17. Nbd4 f6 18. exf6 Bxf6 19. Nxe6 Bxe6 20. Qxe6 Rae8 21. Qh3 Qg7 22. a3 a6 23. Re6 Rc8 24. Ng5 Ne7 25. Nf3 Nc6 26. Rfe1 Qf7 27. Rd6 Rce8 28. Ree6 Rxe6 29. Qxe6 Qxe6 30. Rxe6 d4 31. c4 Kg7 32. Rd6 Rf7 33. b4 Rc7 34. g3 Kf7 35. c5 h6 36. h4 Re7 37. Bc4+ Kg7 38. Kf1 g5 39. hxg5 hxg5 40. g4 Kg6 41. Bd3+ Kf7 42. Bc4+ Kg6 43. Bxa6 Kf7 44. Bd3 Rc7 45. Ke2 Be7 46. Rh6 Rc8 47. Be4 Na5 48. Ne5+ Kg7 49. Rg6+ Kf8 50. Bd5 Ke8 51. Rg8+ Bf8 52. Ng6 Kd7 53. Nxf8+ 1-0